000 01097nam a2200325 4500
999 _c23406
_d23406
001 vtls012129831
005 20221010082128.0
008 220404s2022 xo e 000 f slo
020 _a9788056909300
_q(viazané)
040 _aTTKJF
_bslo
_cTTKJF
_erda
041 0 _aslo
044 _axo
_cSK
072 7 _a821.162.4-3
_xSlovenská próza
_2konspekt
080 _a821.162.4-31
_22011
080 _a(0:82-312.4)
_22011
100 1 _aBeniczky, Vojtech,
_d1973-
_4aut
_92408
245 1 0 _aHrobové ticho
_cVojtech Beniczky
250 _a1. vydanie
264 1 _aBratislava
_bMarenčin PT
_c2022
300 _a382 strán
_c21 cm
336 _atext
_btxt
_2rdacontent
337 _abez média
_bn
_2rdamedia
338 _azväzok
_bnc
_2rdacarrier
500 _aObsahuje stručné biografické údaje o autorovi na záložke prebalu publikácie
655 7 _aslovenské romány
_2SNKPH
_91694
655 7 _adetektívne romány
_2SNKPH
_91710
655 7 _aSlovak fiction
_2SNKPHeng
_91695
655 7 _aDetective novels
_2SNKPHeng
_91711